000 00956nam a2200253Ia 4500
003 OSt
005 20221005112214.0
006 a|||||r|||| 00| 0
007 ta
008 221004b |||||||| |||| 00| 0 pan d
020 _a9788171436217 (hbk)
_c220
024 _a17803
037 _b913, 20/03/2015, H.K. Prakashan
_cTextual
040 _aCRL
_cCRL
_bpan
041 _2pan
_apan
082 _aO153,1:gN, Q4
100 _aਰੰਧਾਵਾ, ਆਤਮ ਸਿੰਘ
245 0 _aਸਾਹਿਤ ਅਧਿਐਨ ਵਿਧੀਆਂ ਤੇ ਸਮਕਾਲੀ ਪੰਜਾਬੀ ਕਵਿਤਾ
260 _aਅੰਮ੍ਰਿਤਸਰ
_bਰਵੀ ਸਾਹਿਤ ਪ੍ਰਕਾFਨ ਭਾਰਤ
_c2014
300 _a160ਪੰ
_ccm.
650 _aਪੰਜਾਬੀ ਸਾਹਿਤ
942 _hO153,1:gN, Q4
_cTEXL
_2cc
999 _c1024185
_d1024185